Bājī āṇi ḍêḍī / (Record no. 65558)

MARC details
000 -LEADER
fixed length control field 00564cam a22002051a 4500
001 - CONTROL NUMBER
control field sa 65008100
003 - CONTROL NUMBER IDENTIFIER
control field DLC
005 - DATE AND TIME OF LATEST TRANSACTION
control field 20260227112153.0
008 - FIXED-LENGTH DATA ELEMENTS--GENERAL INFORMATION
fixed length control field 070330s1964 ii 000 0 mar
010 ## - LIBRARY OF CONGRESS CONTROL NUMBER
LC control number sa 65008100
040 ## - CATALOGING SOURCE
Original cataloging agency DLC
Transcribing agency DLC
Modifying agency DLC
050 00 - LIBRARY OF CONGRESS CALL NUMBER
Classification number PK2418.G47
Item number B3
100 1# - MAIN ENTRY--PERSONAL NAME
Personal name Ghāṭe, Viṭhṭhala Dattātreya,
Dates associated with a name 1895-1978.
245 10 - TITLE STATEMENT
Title Bājī āṇi ḍêḍī /
Statement of responsibility, etc. Vi. Da. Ghāte.
250 ## - EDITION STATEMENT
Edition statement Prathamāvr̥ttī.
260 ## - PUBLICATION, DISTRIBUTION, ETC.
Place of publication, distribution, etc. Mumbaī :
Name of publisher, distributor, etc. Mauja Prakāśana,
Date of publication, distribution, etc. 1964.
300 ## - PHYSICAL DESCRIPTION
Extent 60 p. ;
Dimensions 19 cm.
500 ## - GENERAL NOTE
General note Plays.
546 ## - LANGUAGE NOTE
Language note In Marathi.

No items available.

Powered by Koha